00789nam a2200133Ia 4500008004100000050002500041100005000066245027000116260003800386300003500424700004000459710009000499710006600589120626s2016 mx a 000 0 und d aTNA NK1510bM33 2016 aMacias Sevilla Julieta Elizabethesustentante aDiseño de un juego de memoria sobre salud materna para las mujeres de Chilón, Chiapas c / tesina que para obtener el título de Licenciatura en Diseño y Comunicación Visual, presenta Julieta Elizabeth Macías Sevilla ; asesora Verónica Jaimes Miranda  aMéxicob: sin editorialc, 2016 a101 páginasb: ilustraciones aJaimes Miranda, Verónicaeasesor  aUniversidad Nacional Autónoma de México,e institución que otorga el título.  aUniversidad Insurgentes Plantel Xola,e entidad participante.